Devine le footballeur grace a ses clubs - Statistiques

Statistiques générales
  • Ce quiz a été pris 105 fois
  • Le résultat moyen est 12 sur 15
Statistiques - réponses
Hint Réponse % Correct
Monaco - PSG - Real Madrid Kylian Mbappé
99%
Ajax - Liverpool - Barcelone - Atletico Madrid - Nacional - Inter Miami Luis Suarez
93%
Lyon - Real Madrid - Al Ittihad Karim Benzema
89%
Lille - Chelsea - Real Madrid Eden Hazard
86%
Bordeaux - Juventus - Real Madrid Zinedine Zidane
85%
Reading - Crystal Palace - Bayern Munich Michael Olise
84%
Monaco - Juventus - Arsenal - Barcelone - NY Red Bulls Thierry Henry
84%
Everton - Manchester United - DC United - Derby County Wayne Rooney
83%
Southampton - Tottenham - Real Madrid - LAFC Gareth Bale
80%
Palermo - Naples - PSG - Manchester United - Valencia - Boca Junior Edinson Cavani
79%
Leeds - Manchester United - Real Madrid - LA Galaxy - AC Milan - PSG David Beckham
78%
Schalke 04 - Bayern Munich Manuel Neuer
78%
Parma - Juventus - PSG - Juventus - Parma Gianluigi Buffon
77%
PSG - PSV - Leipzig - Tottenham Xavi Simons
77%
Nice - Monaco - Manchester United - Juventus - Marseille - West Ham Patrice Evra
37%
Aucun quiz correspondant
Distribution des résultats
% des personnes avec chaque résultat
Percentile par nombre de réponses
Votre historique - résultats
Vous n’avez pas pris ce quiz